[Event "Israeli Open Championship 2019"]
[Site "Jerusalem"]
[Date "2019.12.12"]
[Round "1.11"]
[White "Iliaguev, Nisim"]
[Black "Freiman, Mark"]
[Result "1-0"]
[WhiteElo "2275"]
[BlackElo "1724"]
[Annotator "ChessBase"]
[PlyCount "71"]
[EventDate "2019.12.12"]
[EventType "swiss"]
[EventCountry "ISR"]
[SourceTitle "playchess.com"]
[Source "ChessBase"]
[SourceQuality "1"]
[TimeControl "5400+30"]

1. d4 {[%emt 0:00:00]} Nf6 {[%emt 0:00:00]} 2. c4 {[%emt 0:00:00]} e6 {[%emt 0:00:00]} 3. g3 {[%emt 0:00:04]} d5 {[%emt 0:00:36]} 4. Bg2 {[%emt 0:00:15]} c6 {[%emt 0:01:01]} 5. Nf3 {[%emt 0:00:12]} Be7 {[%emt 0:04:33]} 6. O-O {[%emt 0:00:11]} O-O {[%emt 0:00:21]} 7. Nc3 {[%emt 0:00:23]} Nbd7 {[%emt 0:01:01]} 8. Nd2 {[%emt 0:01:02]} Qb6 {[%emt 0:12:16]} 9. c5 {[%emt 0:05:04]} Qd8 {[%emt 0:01:00]} 10. e4 {[%emt 0:00:34]} dxe4 {[%emt 0:01:04]} 11. Ndxe4 {[%emt 0:01:59]} Nxe4 {[%emt 0:00:27]} 12. Nxe4 {[%emt 0:02:07]} Nf6 {[%emt 0:01:16]} 13. Be3 {[%emt 0:02:34]} Nxe4 {[%emt 0:08:46]} 14. Bxe4 {[%emt 0:00:02]} Bf6 {[%emt 0:01:33]} 15. Qd3 {[%emt 0:04:19]} h6 {[%emt 0:04:22]} 16. b4 {[%emt 0:03:09]} e5 {[%emt 0:05:12]} 17. d5 {[%emt 0:00:30]} cxd5 {[%emt 0:00:08]} 18. Qxd5 {[%emt 0:00:26]} Qxd5 {[%emt 0:07:43]} 19. Bxd5 {[%emt 0:00:02]} Rd8 {[%emt 0:10:29]} 20. Rfd1 {[%emt 0:05:24]} Bg4 {[%emt 0:02:36]} 21. Rd2 {[%emt 0:07:23]} Rab8 {[%emt 0:10:51]} 22. b5 {[%emt 0:02:40]} Rxd5 {[%emt 0:04:12]} 23. Rxd5 {[%emt 0:00:15]} Be6 {[%emt 0:00:24]} 24. Rd2 {[%emt 0:00:39]} Rc8 {[%emt 0:01:25]} 25. Rc1 {[%emt 0:00:21]} b6 {[%emt 0:02:12]} 26. c6 {[%emt 0:01:32]} Be7 {[%emt 0:00:43]} 27. a4 {[%emt 0:02:52]} Bb4 {[%emt 0:02:34]} 28. Rd3 {[%emt 0:02:24]} Bf5 {[%emt 0:02:07]} 29. Rd5 {[%emt 0:01:16]} f6 {[%emt 0:01:03]} 30. Rcd1 {[%emt 0:02:17]} Kf7 {[%emt 0:02:21]} 31. Rd8 {[%emt 0:00:26]} Rc7 {[%emt 0:00:32]} 32. Rb8 {[%emt 0:00:45]} Ke7 {[%emt 0:04:44]} 33. Rb7 {[%emt 0:00:18]} Bd6 {[%emt 0:00:10]} 34. a5 {[%emt 0:00:28]} bxa5 {[%emt 0:06:01]} 35. Bxa7 {[%emt 0:00:11]} Rxb7 {[%emt 0:02:05]} 36. cxb7 {[%emt 0:00:00]} 1-0

[Event "Israeli Open Championship 2019"]
[Site "Jerusalem"]
[Date "2019.12.12"]
[Round "1.12"]
[White "Sobel, Ido"]
[Black "Gorodetzky, Matan"]
[Result "0-1"]
[WhiteElo "1711"]
[BlackElo "2284"]
[Annotator "ChessBase"]
[PlyCount "118"]
[EventDate "2019.12.12"]
[EventType "swiss"]
[EventCountry "ISR"]
[SourceTitle "playchess.com"]
[Source "ChessBase"]
[SourceQuality "1"]
[TimeControl "5400+30"]

1. e4 {[%emt 0:00:00]} e6 {[%emt 0:00:00]} 2. d4 {[%emt 0:00:30]} d5 {[%emt 0:00:30]} 3. exd5 {[%emt 0:00:30]} exd5 {[%emt 0:00:30]} 4. Bd3 {[%emt 0:00:00]} Nf6 {[%emt 0:00:15]} 5. Nf3 {[%emt 0:00:00]} c5 {[%emt 0:03:06]} 6. c3 {[%emt 0:00:00]} c4 {[%emt 0:00:30]} 7. Bc2 {[%emt 0:00:29]} Bg4 {[%emt 0:10:12]} 8. O-O {[%emt 0:02:41]} Be7 {[%emt 0:01:08]} 9. h3 {[%emt 0:00:30]} Bh5 {[%emt 0:00:30]} 10. Bf4 {[%emt 0:01:56]} O-O {[%emt 0:01:28]} 11. Re1 {[%emt 0:01:36]} Nc6 {[%emt 0:01:12]} 12. Nbd2 {[%emt 0:01:38]} Bd6 {[%emt 0:11:44]} 13. Be5 {[%emt 0:03:30]} Re8 {[%emt 0:14:00]} 14. Qb1 {[%emt 0:00:30]} Bg6 {[%emt 0:00:30]} 15. Re3 {[%emt 0:00:30]} Qc7 {[%emt 0:00:30]} 16. Bxg6 {[%emt 0:00:30]} hxg6 {[%emt 0:00:30]} 17. Qe1 {[%emt 0:06:54]} Ne7 {[%emt 0:09:39]} 18. g4 {[%emt 0:03:58]} Qd7 {[%emt 0:03:57]} 19. Qe2 {[%emt 0:11:09]} Kf8 {[%emt 0:02:12]} 20. Ng5 {[%emt 0:00:30]} Neg8 {[%emt 0:00:30]} 21. Re1 {[%emt 0:00:30]} Be7 {[%emt 0:00:30]} 22. f4 {[%emt 0:00:30]} a5 {[%emt 0:00:30]} 23. Ndf3 {[%emt 0:29:10]} Rec8 {[%emt 0:10:16]} 24. Nh4 {[%emt 0:06:14]} Ne4 {[%emt 0:02:35]} 25. Rxe4 {[%emt 0:09:25]} dxe4 {[%emt 0:00:29]} 26. Qxe4 {[%emt 0:00:50]} Bxg5 {[%emt 0:01:48]} 27. fxg5 {[%emt 0:00:27]} Ne7 {[%emt 0:01:02]} 28. Bxg7+ {[%emt 0:10:43]} Kxg7 {[%emt 0:00:45]} 29. Qxe7 {[%emt 0:00:02]} Qxe7 {[%emt 0:00:26]} 30. Rxe7 {[%emt 0:00:02]} Re8 {[%emt 0:01:10]} 31. Rxe8 {[%emt 0:00:16]} Rxe8 {[%emt 0:00:07]} 32. Kf2 {[%emt 0:00:05]} Re6 {[%emt 0:01:09]} 33. Nf3 {[%emt 0:00:07]} Rb6 {[%emt 0:00:31]} 34. Ke3 {[%emt 0:00:12]} Rxb2 {[%emt 0:00:28]} 35. d5 {[%emt 0:00:07]} Kf8 {[%emt 0:01:19]} 36. Kd4 {[%emt 0:00:13]} Rxa2 {[%emt 0:04:58]} 37. Kxc4 {[%emt 0:00:02]} a4 {[%emt 0:00:11]} 38. Kb4 {[%emt 0:00:51]} Ra1 {[%emt 0:05:06]} 39. Nd4 {[%emt 0:00:59]} a3 {[%emt 0:01:12]} 40. Nc2 {[%emt 0:00:11]} Rd1 {[%emt 0:00:22]} 41. Nxa3 {[%emt 0:02:52]} Rxd5 {[%emt 0:00:02]} 42. Nc4 {[%emt 0:01:38]} Ke7 {[%emt 0:01:04]} 43. Na5 {[%emt 0:00:38]} Rd1 {[%emt 0:00:47]} 44. Kc5 {[%emt 0:01:43]} Rb1 {[%emt 0:00:37]} 45. Nc4 {[%emt 0:00:51]} Rh1 {[%emt 0:03:05]} 46. Ne3 {[%emt 0:02:05]} Rxh3 {[%emt 0:00:26]} 47. Nd5+ {[%emt 0:00:20]} Kd7 {[%emt 0:00:25]} 48. c4 {[%emt 0:01:06]} Rb3 {[%emt 0:00:23]} 49. Kd4 {[%emt 0:00:52]} Ke6 {[%emt 0:01:28]} 50. Nf4+ {[%emt 0:00:52]} Kd6 {[%emt 0:00:18]} 51. c5+ {[%emt 0:00:22]} Kc6 {[%emt 0:00:09]} 52. Nd3 {[%emt 0:01:53]} Rxd3+ {[%emt 0:00:10]} 53. Kxd3 {[%emt 0:00:04]} Kxc5 {[%emt 0:00:04]} 54. Ke4 {[%emt 0:00:11]} b5 {[%emt 0:00:35]} 55. Ke5 {[%emt 0:00:21]} b4 {[%emt 0:00:08]} 56. Kf6 {[%emt 0:00:50]} b3 {[%emt 0:00:05]} 57. Kxf7 {[%emt 0:00:04]} b2 {[%emt 0:00:04]} 58. Kxg6 {[%emt 0:00:05]} b1=Q+ {[%emt 0:00:06]} 59. Kh6 {[%emt 0:00:14]} Kd6 {[%emt 0:00:15]} 0-1

[Event "Israeli Open Championship 2019"]
[Site "Jerusalem"]
[Date "2019.12.12"]
[Round "1.13"]
[White "Friedland, Moshe"]
[Black "Leor, Ephraim"]
[Result "1-0"]
[WhiteElo "2267"]
[BlackElo "1704"]
[Annotator "ChessBase"]
[PlyCount "65"]
[EventDate "2019.12.12"]
[EventType "swiss"]
[EventCountry "ISR"]
[SourceTitle "playchess.com"]
[Source "ChessBase"]
[SourceQuality "1"]
[TimeControl "5400+30"]

1. e4 {[%emt 0:00:00]} g6 {[%emt 0:00:00]} 2. d4 {[%emt 0:00:05]} Bg7 {[%emt 0:00:00]} 3. Nc3 {[%emt 0:00:07]} d6 {[%emt 0:00:00]} 4. Bg5 {[%emt 0:00:26]} Nd7 {[%emt 0:02:51]} 5. Nf3 {[%emt 0:00:45]} h6 {[%emt 0:02:12]} 6. Bf4 {[%emt 0:01:14]} e5 {[%emt 0:07:57]} 7. dxe5 {[%emt 0:01:20]} dxe5 {[%emt 0:00:20]} 8. Be3 {[%emt 0:02:16]} Ngf6 {[%emt 0:01:04]} 9. h3 {[%emt 0:00:28]} O-O {[%emt 0:00:31]} 10. Qd2 {[%emt 0:00:13]} Kh7 {[%emt 0:01:04]} 11. O-O-O {[%emt 0:00:26]} Qe7 {[%emt 0:00:46]} 12. g4 {[%emt 0:02:20]} Nc5 {[%emt 0:07:03]} 13. Bd3 {[%emt 0:11:20]} Rd8 {[%emt 0:03:09]} 14. Qe2 {[%emt 0:00:06]} c6 {[%emt 0:06:45]} 15. g5 {[%emt 0:00:09]} Ng8 {[%emt 0:01:54]} 16. Bc4 {[%emt 0:05:00]} Ne6 {[%emt 0:09:24]} 17. gxh6 {[%emt 0:02:44]} Bf6 {[%emt 0:04:34]} 18. Rxd8 {[%emt 0:05:56]} Qxd8 {[%emt 0:02:29]} 19. h4 {[%emt 0:04:51]} b5 {[%emt 0:04:41]} 20. Bb3 {[%emt 0:02:42]} a5 {[%emt 0:00:50]} 21. a4 {[%emt 0:03:20]} Nd4 {[%emt 0:09:48]} 22. Bxd4 {[%emt 0:04:54]} exd4 {[%emt 0:00:11]} 23. e5 {[%emt 0:08:34]} dxc3 {[%emt 0:04:26]} 24. exf6 {[%emt 0:00:05]} cxb2+ {[%emt 0:01:42]} 25. Kb1 {[%emt 0:00:05]} Nxh6 {[%emt 0:01:25]} 26. Ng5+ {[%emt 0:02:29]} Kg8 {[%emt 0:00:19]} 27. Rd1 {[%emt 0:02:28]} Qf8 {[%emt 0:04:39]} 28. h5 {[%emt 0:07:39]} Bg4 {[%emt 0:03:04]} 29. f3 {[%emt 0:00:09]} Qa3 {[%emt 0:01:55]} 30. Ba2 {[%emt 0:00:39]} Bf5 {[%emt 0:01:25]} 31. Qe7 {[%emt 0:07:48]} Bxc2+ {[%emt 0:02:37]} 32. Kxc2 {[%emt 0:00:01]} Qxa2 {[%emt 0:00:09]} 33. Rd8+ {[%emt 0:00:08]} 1-0

[Event "Israeli Open Championship 2019"]
[Site "Jerusalem"]
[Date "2019.12.12"]
[Round "1.14"]
[White "Cohen, Moshe"]
[Black "Cohen Revivo, Shoham"]
[Result "0-1"]
[WhiteElo "1697"]
[BlackElo "2261"]
[Annotator "ChessBase"]
[PlyCount "122"]
[EventDate "2019.12.12"]
[EventType "swiss"]
[EventCountry "ISR"]
[SourceTitle "playchess.com"]
[Source "ChessBase"]
[SourceQuality "1"]
[TimeControl "5400+30"]

1. e4 {[%emt 0:00:00]} e6 {[%emt 0:00:00]} 2. Nc3 {[%emt 0:00:00]} d5 {[%emt 0:00:04]} 3. Nf3 {[%emt 0:00:15]} c5 {[%emt 0:00:19]} 4. exd5 {[%emt 0:00:27]} exd5 {[%emt 0:00:06]} 5. d4 {[%emt 0:00:13]} Nf6 {[%emt 0:00:06]} 6. Bg5 {[%emt 0:01:24]} Be7 {[%emt 0:01:59]} 7. Bb5+ {[%emt 0:02:06]} Nc6 {[%emt 0:00:28]} 8. Ne5 {[%emt 0:05:45]} Qd6 {[%emt 0:04:04]} 9. O-O {[%emt 0:02:37]} O-O {[%emt 0:00:25]} 10. Bxc6 {[%emt 0:01:09]} bxc6 {[%emt 0:00:10]} 11. Bf4 {[%emt 0:03:27]} cxd4 {[%emt 0:01:53]} 12. Ng6 {[%emt 0:00:43]} Qd8 {[%emt 0:00:08]} 13. Nxe7+ {[%emt 0:00:12]} Qxe7 {[%emt 0:00:06]} 14. Qxd4 {[%emt 0:00:24]} Re8 {[%emt 0:03:08]} 15. h3 {[%emt 0:02:39]} c5 {[%emt 0:02:30]} 16. Qd3 {[%emt 0:05:45]} d4 {[%emt 0:03:37]} 17. Nb5 {[%emt 0:01:01]} Ba6 {[%emt 0:00:07]} 18. a4 {[%emt 0:00:36]} Nd5 {[%emt 0:00:35]} 19. Qf3 {[%emt 0:08:00]} Rad8 {[%emt 0:02:47]} 20. Rae1 {[%emt 0:07:08]} Qxe1 {[%emt 0:00:10]} 21. Rxe1 {[%emt 0:00:08]} Rxe1+ {[%emt 0:00:05]} 22. Kh2 {[%emt 0:00:15]} Bxb5 {[%emt 0:01:11]} 23. axb5 {[%emt 0:01:37]} Nxf4 {[%emt 0:00:52]} 24. Qxf4 {[%emt 0:00:12]} Rc8 {[%emt 0:03:11]} 25. Qf5 {[%emt 0:02:57]} Re6 {[%emt 0:00:20]} 26. Qd5 {[%emt 0:01:41]} Rb6 {[%emt 0:02:42]} 27. c3 {[%emt 0:10:00]} dxc3 {[%emt 0:01:01]} 28. Qd7 {[%emt 0:03:51]} Rcb8 {[%emt 0:00:07]} 29. bxc3 {[%emt 0:00:13]} R6b7 {[%emt 0:02:47]} 30. Qc6 {[%emt 0:03:54]} Rxb5 {[%emt 0:00:15]} 31. Qa6 {[%emt 0:00:08]} R8b7 {[%emt 0:01:23]} 32. c4 {[%emt 0:02:17]} R5b6 {[%emt 0:00:14]} 33. Qa5 {[%emt 0:00:25]} Rc7 {[%emt 0:00:14]} 34. f4 {[%emt 0:00:18]} h6 {[%emt 0:00:40]} 35. f5 {[%emt 0:00:30]} Rbc6 {[%emt 0:00:56]} 36. h4 {[%emt 0:03:16]} a6 {[%emt 0:00:58]} 37. f6 {[%emt 0:06:35]} gxf6 {[%emt 0:00:06]} 38. Qc3 {[%emt 0:02:32]} Re7 {[%emt 0:04:50]} 39. Qg3+ {[%emt 0:03:57]} Kf8 {[%emt 0:00:20]} 40. Qf4 {[%emt 0:00:53]} f5 {[%emt 0:00:16]} 41. Qxf5 {[%emt 0:00:14]} Ree6 {[%emt 0:00:36]} 42. Qd3 {[%emt 0:03:22]} Rcd6 {[%emt 0:00:08]} 43. Qf3 {[%emt 0:01:06]} Rd4 {[%emt 0:00:27]} 44. Qb3 {[%emt 0:04:04]} Rxh4+ {[%emt 0:00:12]} 45. Kg3 {[%emt 0:00:09]} Rhe4 {[%emt 0:00:39]} 46. Qb8+ {[%emt 0:01:51]} Kg7 {[%emt 0:00:09]} 47. Kh2 {[%emt 0:00:22]} Rg4 {[%emt 0:02:25]} 48. Qb2+ {[%emt 0:00:45]} Kg8 {[%emt 0:01:15]} 49. Qb8+ {[%emt 0:00:16]} Kh7 {[%emt 0:00:20]} 50. Qc7 {[%emt 0:00:56]} Kg7 {[%emt 0:01:56]} 51. Qxc5 {[%emt 0:00:16]} Re2 {[%emt 0:02:19]} 52. Qd6 {[%emt 0:02:12]} Rexg2+ {[%emt 0:00:54]} 53. Kh3 {[%emt 0:00:34]} R4g3+ {[%emt 0:00:41]} 54. Kh4 {[%emt 0:01:02]} Rg6 {[%emt 0:00:15]} 55. Qe5+ {[%emt 0:01:29]} Kh7 {[%emt 0:00:08]} 56. c5 {[%emt 0:01:12]} R2g5 {[%emt 0:00:58]} 57. Qf4 {[%emt 0:03:29]} Kg8 {[%emt 0:01:59]} 58. Qb8+ {[%emt 0:00:29]} Kg7 {[%emt 0:00:14]} 59. Qb2+ {[%emt 0:00:37]} Kh7 {[%emt 0:01:53]} 60. Qc2 {[%emt 0:00:20]} Rg2 {[%emt 0:00:13]} 61. Qc4 {[%emt 0:00:28]} Rh2# {[%emt 0:00:08]} 0-1

[Event "Israeli Open Championship 2019"]
[Site "Jerusalem"]
[Date "2019.12.12"]
[Round "1.15"]
[White "Lahav, Michal"]
[Black "Lukovski, Lev"]
[Result "1-0"]
[WhiteElo "2244"]
[BlackElo "1697"]
[Annotator "ChessBase"]
[PlyCount "81"]
[EventDate "2019.12.12"]
[EventType "swiss"]
[EventCountry "ISR"]
[SourceTitle "playchess.com"]
[Source "ChessBase"]
[SourceQuality "1"]
[TimeControl "5400+30"]

1. e4 {[%emt 0:00:00]} d6 {[%emt 0:00:00]} 2. d4 {[%emt 0:00:55]} Nf6 {[%emt 0:00:02]} 3. Nc3 {[%emt 0:00:07]} Nbd7 {[%emt 0:00:17]} 4. g3 {[%emt 0:01:12]} e5 {[%emt 0:00:23]} 5. Nge2 {[%emt 0:00:04]} c6 {[%emt 0:01:57]} 6. Bg2 {[%emt 0:00:15]} Be7 {[%emt 0:00:36]} 7. O-O {[%emt 0:01:54]} O-O {[%emt 0:01:57]} 8. a4 {[%emt 0:02:22]} a5 {[%emt 0:00:14]} 9. h3 {[%emt 0:00:39]} Re8 {[%emt 0:03:13]} 10. Be3 {[%emt 0:02:44]} Bf8 {[%emt 0:04:19]} 11. g4 {[%emt 0:24:59]} h6 {[%emt 0:04:56]} 12. Ng3 {[%emt 0:00:43]} exd4 {[%emt 0:05:00]} 13. Bxd4 {[%emt 0:02:15]} Ne5 {[%emt 0:02:05]} 14. Nce2 {[%emt 0:07:35]} Be6 {[%emt 0:08:02]} 15. b3 {[%emt 0:05:06]} c5 {[%emt 0:04:05]} 16. Bc3 {[%emt 0:06:01]} Qc7 {[%emt 0:08:10]} 17. f4 {[%emt 0:04:20]} Nc6 {[%emt 0:04:09]} 18. Bxf6 {[%emt 0:00:23]} gxf6 {[%emt 0:00:15]} 19. Nh5 {[%emt 0:00:06]} Be7 {[%emt 0:02:29]} 20. Qd2 {[%emt 0:02:52]} Kh7 {[%emt 0:01:21]} 21. e5 {[%emt 0:16:36]} f5 {[%emt 0:05:36]} 22. gxf5 {[%emt 0:06:10]} Bxf5 {[%emt 0:02:49]} 23. Neg3 {[%emt 0:00:14]} Bg6 {[%emt 0:04:59]} 24. Nf6+ {[%emt 0:00:31]} Bxf6 {[%emt 0:00:56]} 25. exf6 {[%emt 0:00:02]} d5 {[%emt 0:04:58]} 26. Qf2 {[%emt 0:09:02]} Nd4 {[%emt 0:02:37]} 27. f5 {[%emt 0:00:28]} Qxg3 {[%emt 0:00:23]} 28. Qxg3 {[%emt 0:00:02]} Ne2+ {[%emt 0:00:40]} 29. Kh2 {[%emt 0:00:02]} Nxg3 {[%emt 0:00:54]} 30. fxg6+ {[%emt 0:00:08]} Kxg6 {[%emt 0:00:39]} 31. Kxg3 {[%emt 0:00:03]} Re3+ {[%emt 0:00:57]} 32. Rf3 {[%emt 0:00:18]} Rae8 {[%emt 0:02:46]} 33. Rxe3 {[%emt 0:00:09]} Rxe3+ {[%emt 0:00:15]} 34. Kf4 {[%emt 0:00:40]} d4 {[%emt 0:01:11]} 35. Bxb7 {[%emt 0:00:05]} Rxh3 {[%emt 0:00:54]} 36. Bf3 {[%emt 0:02:13]} Kxf6 {[%emt 0:03:24]} 37. Rf1 {[%emt 0:02:25]} Rh2 {[%emt 0:00:34]} 38. Kg3 {[%emt 0:00:02]} Rd2 {[%emt 0:00:17]} 39. Be4+ {[%emt 0:00:18]} Ke5 {[%emt 0:01:20]} 40. Bd3 {[%emt 0:00:05]} f6 {[%emt 0:00:06]} 41. Rf5+ {[%emt 0:00:12]} 1-0

[Event "Israeli Open Championship 2019"]
[Site "Jerusalem"]
[Date "2019.12.12"]
[Round "1.16"]
[White "Elsner, Yair"]
[Black "Tifferet, Shaked"]
[Result "0-1"]
[WhiteElo "1585"]
[BlackElo "2232"]
[Annotator "ChessBase"]
[PlyCount "50"]
[EventDate "2019.12.12"]
[EventType "swiss"]
[EventCountry "ISR"]
[SourceTitle "playchess.com"]
[Source "ChessBase"]
[SourceQuality "1"]
[TimeControl "5400+30"]

1. Nf3 {[%emt 0:00:00]} Nf6 {[%emt 0:00:00]} 2. c4 {[%emt 0:00:00]} g6 {[%emt 0:00:37]} 3. d4 {[%emt 0:00:30]} Bg7 {[%emt 0:00:08]} 4. g3 {[%emt 0:00:21]} b6 {[%emt 0:00:33]} 5. Bg2 {[%emt 0:00:11]} Bb7 {[%emt 0:00:07]} 6. O-O {[%emt 0:00:13]} O-O {[%emt 0:00:07]} 7. Re1 {[%emt 0:00:25]} e6 {[%emt 0:01:33]} 8. Bg5 {[%emt 0:09:59]} h6 {[%emt 0:04:21]} 9. Bf4 {[%emt 0:00:23]} d6 {[%emt 0:02:40]} 10. Nc3 {[%emt 0:06:31]} Ne4 {[%emt 0:01:22]} 11. Nxe4 {[%emt 0:00:29]} Bxe4 {[%emt 0:00:12]} 12. Qd2 {[%emt 0:00:50]} g5 {[%emt 0:01:46]} 13. Be3 {[%emt 0:00:18]} f5 {[%emt 0:02:31]} 14. Red1 {[%emt 0:11:03]} Nd7 {[%emt 0:04:49]} 15. h4 {[%emt 0:02:43]} f4 {[%emt 0:15:20]} 16. gxf4 {[%emt 0:00:46]} gxh4 {[%emt 0:01:44]} 17. f5 {[%emt 0:17:29]} Rxf5 {[%emt 0:20:08]} 18. Bxh6 {[%emt 0:01:45]} Rh5 {[%emt 0:05:30]} 19. Bxg7 {[%emt 0:06:04]} h3 {[%emt 0:00:35]} 20. Bh1 {[%emt 0:01:34]} h2+ {[%emt 0:02:20]} 21. Kg2 {[%emt 0:01:52]} Qh4 {[%emt 0:04:09]} 22. Kf1 {[%emt 0:03:03]} Qg4 {[%emt 0:00:08]} 23. Nxh2 {[%emt 0:02:39]} Rxh2 {[%emt 0:01:04]} 24. Bxe4 {[%emt 0:00:15]} Qxe4 {[%emt 0:00:29]} 25. f3 {[%emt 0:00:29]} Qh4 {[%emt 0:30:17] Ke1} 0-1

[Event "Israeli Open Championship 2019"]
[Site "Jerusalem"]
[Date "2019.12.12"]
[Round "1.17"]
[White "Shtemler, Lavi"]
[Black "Klein, Achi"]
[Result "1-0"]
[WhiteElo "2181"]
[BlackElo "1622"]
[Annotator "ChessBase"]
[PlyCount "37"]
[EventDate "2019.12.12"]
[EventType "swiss"]
[EventCountry "ISR"]
[SourceTitle "playchess.com"]
[Source "ChessBase"]
[SourceQuality "1"]
[TimeControl "5400+30"]

1. g3 {[%emt 0:11:34]} Nf6 {[%emt 0:00:00]} 2. Bg2 {[%emt 0:00:13]} g6 {[%emt 0:00:00]} 3. Nf3 {[%emt 0:00:33]} Bg7 {[%emt 0:00:11]} 4. c4 {[%emt 0:00:11]} O-O {[%emt 0:00:41]} 5. Nc3 {[%emt 0:00:15]} c6 {[%emt 0:01:32]} 6. O-O {[%emt 0:03:29]} d5 {[%emt 0:02:01]} 7. cxd5 {[%emt 0:00:19]} cxd5 {[%emt 0:00:59]} 8. d4 {[%emt 0:00:04]} e6 {[%emt 0:02:30]} 9. Bf4 {[%emt 0:01:22]} a6 {[%emt 0:02:41]} 10. Qb3 {[%emt 0:09:51]} Nc6 {[%emt 0:03:50]} 11. Rfd1 {[%emt 0:01:24]} h6 {[%emt 0:06:18]} 12. Ne5 {[%emt 0:01:47]} Nxe5 {[%emt 0:04:33]} 13. Bxe5 {[%emt 0:00:21]} Ne8 {[%emt 0:06:09]} 14. Rac1 {[%emt 0:06:26]} Bxe5 {[%emt 0:01:53]} 15. dxe5 {[%emt 0:01:13]} Qe7 {[%emt 0:09:08]} 16. e4 {[%emt 0:13:00]} dxe4 {[%emt 0:01:56]} 17. Nxe4 {[%emt 0:00:58]} Rb8 {[%emt 0:02:55]} 18. Qb6 {[%emt 0:01:14]} h5 {[%emt 0:13:57]} 19. Qa7 {[%emt 0:00:53]} 1-0

[Event "Israeli Open Championship 2019"]
[Site "Jerusalem"]
[Date "2019.12.12"]
[Round "1.18"]
[White "Golberg, Igor"]
[Black "Tadmor, Maya"]
[Result "1-0"]
[WhiteElo "2156"]
[BlackElo "1599"]
[Annotator "ChessBase"]
[PlyCount "51"]
[EventDate "2019.12.12"]
[EventType "swiss"]
[EventCountry "ISR"]
[SourceTitle "playchess.com"]
[Source "ChessBase"]
[SourceQuality "1"]
[TimeControl "5400+30"]

1. d4 {[%emt 0:10:33]} Nf6 {[%emt 0:00:00]} 2. c4 {[%emt 0:00:09]} g6 {[%emt 0:00:07]} 3. Nc3 {[%emt 0:00:06]} d5 {[%emt 0:00:15]} 4. cxd5 {[%emt 0:00:06]} Nxd5 {[%emt 0:00:14]} 5. e4 {[%emt 0:00:03]} Nxc3 {[%emt 0:00:14]} 6. bxc3 {[%emt 0:00:06]} Bg7 {[%emt 0:00:30]} 7. Nf3 {[%emt 0:00:03]} c5 {[%emt 0:00:41]} 8. Rb1 {[%emt 0:00:06]} O-O {[%emt 0:02:07]} 9. Qd2 {[%emt 0:00:04]} Qc7 {[%emt 0:07:15]} 10. Be2 {[%emt 0:00:29]} Rd8 {[%emt 0:03:52]} 11. O-O {[%emt 0:00:40]} cxd4 {[%emt 0:01:49]} 12. cxd4 {[%emt 0:00:08]} Nc6 {[%emt 0:01:10]} 13. Bb2 {[%emt 0:00:39]} Nxd4 {[%emt 0:08:57]} 14. Bxd4 {[%emt 0:00:25]} e5 {[%emt 0:01:57]} 15. Qc3 {[%emt 0:00:47]} Qe7 {[%emt 0:05:59]} 16. Bxe5 {[%emt 0:00:10]} Bxe5 {[%emt 0:01:16]} 17. Qxe5 {[%emt 0:00:02]} Qxe5 {[%emt 0:01:50]} 18. Nxe5 {[%emt 0:00:02]} Re8 {[%emt 0:00:37]} 19. f4 {[%emt 0:00:12]} f6 {[%emt 0:01:48]} 20. Ng4 {[%emt 0:02:01]} Bxg4 {[%emt 0:03:38]} 21. Bxg4 {[%emt 0:00:01]} Rxe4 {[%emt 0:00:42]} 22. Rxb7 {[%emt 0:00:08]} f5 {[%emt 0:02:35]} 23. Bf3 {[%emt 0:00:50]} Ree8 {[%emt 0:02:09]} 24. Rd1 {[%emt 0:00:19]} Red8 {[%emt 0:08:59]} 25. Rxd8+ {[%emt 0:00:06]} Rxd8 {[%emt 0:00:08]} 26. Rxa7 {[%emt 0:00:04]} 1-0

[Event "Israeli Open Championship 2019"]
[Site "Jerusalem"]
[Date "2019.12.13"]
[Round "2.1"]
[White "Tifferet, Shaked"]
[Black "Nabaty, Tamir"]
[Result "0-1"]
[WhiteElo "2232"]
[BlackElo "2647"]
[Annotator "TA"]
[PlyCount "64"]
[EventDate "2019.12.12"]
[EventType "swiss"]
[EventCountry "ISR"]
[SourceTitle "playchess.com"]
[Source "ChessBase"]
[SourceQuality "1"]

{[%evp 9,64,10,24,16,20,0,47,37,58,47,46,0,0,0,0,-29,0,-32,-2,-27,0,0,0,-11,-11,-30,-42,-50,-41,-57,0,-67,-61,-61,-56,-64,-63,-162,-143,-251,-241,-243,-233,-270,-276,-453,-458,-604,-622,-655,-640,-696,-693,-901,-863,-847,-516]} 1. e4 e5 2. Nf3 Nc6 3. Bc4 Bc5 4. d3 h6 5. O-O d6 6. c3 {C50: Hungarian Defence and Giuoco Pianissimo} Bb6 7. d4 (7. a4 a6 8. Re1 Qf6 9. Be3 Bxe3 10. fxe3 Nge7 11. Rf1 O-O 12. Nbd2 Ng6 13. Qe1 {0-1 (62) Ragger,M (2687)-Salgado Lopez,I (2629) St Petersburg 2018}) 7... Qf6 8. Bb5 {White is slightly better.} Bd7 {[%cal Re5d4]} 9. d5 $146 ({Predecessor:} 9. Na3 Qg6 10. Nc4 Bh3 11. Nh4 Qg4 12. Nxb6 axb6 13. Qxg4 Bxg4 {1-0 (39) Murin,P (1981)-Piasecka,A (1500) Slovakia 2005}) 9... Nb8 10. Bxd7+ (10. Bd3 {with more complications.} Ne7 11. a4 a5 12. Na3 Bg4 13. Be2) 10... Nxd7 11. a4 {a5 is the strong threat.} a5 12. Be3 Ne7 13. Nbd2 O-O 14. b4 Qg6 15. Nh4 Qh7 16. Qf3 f5 17. Nxf5 Nxf5 18. exf5 Qxf5 19. Qe2 Rf7 (19... Bxe3 $15 20. fxe3 Qc2) 20. Ra2 (20. Qb5 $11) 20... e4 $15 21. Bxb6 Nxb6 {[%cal Bd7b6,Bb6d5,Bd5f4,Bf4d3][%mdl 32]} 22. bxa5 Nxd5 23. Rb2 (23. Qxe4 $15 Rxa5 24. Qxf5 Rxf5 25. Ne4) 23... Re8 $19 24. Nc4 {[#]} (24. g3 $17 {was called for.}) 24... Nf4 $1 {[%cal Rf4e2]} ({Much less strong is} 24... Nxc3 25. Qc2 $17) 25. Qd1 {[#]} Qg5 $1 {[%csl Gf4][%cal Rg5g2][%mdl 512]} 26. g3 Nd3 27. Rxb7 $2 (27. Re2 {is a better defense.}) 27... Qd5 {Black is clearly winning.} 28. Qb3 Nc5 $1 {[%csl LRb3,LRb7][%mdl 64] Double Attack} 29. Rb5 {intending Qb4.} e3 30. f4 c6 {Hoping for ...e2.} 31. Ne5 {aiming for Qxd5.} Qxb3 32. Rxb3 Nxb3 {Accuracy: White = 29%, Black = 72%.} 0-1